[Event "Open A"]
[Site "?"]
[Date "????.??.??"]
[Round "6.36"]
[White "Hapel, Rudolf"]
[Black "Rerabkova, Lucie"]
[Result "1/2-1/2"]
[WhiteElo "1822"]
[BlackElo "1946"]
[PlyCount "85"]
[EventDate "2007.08.28"]
[SourceDate "2007.08.29"]

1. e4 c5 2. Nc3 Nc6 3. f4 g6 4. Bc4 Bg7 5. Nf3 e6 6. O-O Nge7 7. Qe1 O-O 8. d3
d5 9. Bb3 a6 10. a4 Nd4 11. Nxd4 cxd4 12. Ne2 dxe4 13. dxe4 b6 14. Bd2 Bb7 15.
Ng3 Qc7 16. Bb4 Rfe8 17. Bxe7 Rxe7 18. e5 Qc6 19. Qf2 Rd7 20. Rae1 Bh6 21. Ne4
Kg7 22. Qh4 d3 23. cxd3 Rxd3 24. Rf3 Rxf3 25. gxf3 Qc7 26. Rd1 Bxe4 27. fxe4 b5
28. Kg2 b4 29. Rd6 a5 30. Qf6+ Kg8 31. Rxe6 Bg7 32. Re7 Bxf6 33. Rxc7 Bg7 34.
Rxf7 Kh8 35. Bd5 Rf8 36. b3 Rxf7 37. Bxf7 Bf8 38. f5 Kg7 39. Bc4 Bc5 40. Kf3
Bd4 41. f6+ Kf8 42. Kf4 Bc3 43. e6 1/2-1/2

[Event "Open A"]
[Site "?"]
[Date "2007.08.29"]
[Round "6.12"]
[White "Vevera, Radek"]
[Black "Voracek, Miroslav"]
[Result "0-1"]
[WhiteElo "2069"]
[BlackElo "2153"]
[PlyCount "86"]
[EventDate "2007.08.28"]
[SourceDate "2007.08.29"]

1. e4 c5 2. Nf3 Nc6 3. d4 cxd4 4. Nxd4 e5 5. Nb5 d6 6. c4 Be6 7. N1c3 a6 8. Na3
Nf6 9. Be2 Rc8 10. Be3 Be7 11. O-O O-O 12. Rc1 Nd7 13. Bg4 f5 14. exf5 Bxf5 15.
Nd5 Kh8 16. Bxf5 Rxf5 17. Qg4 Rf8 18. Nb1 Nf6 19. Nxf6 Rxf6 20. Nc3 Rg6 21. Qh3
Bg5 22. Bb6 Qg8 23. Rcd1 Nd4 24. Bxd4 exd4 25. Rxd4 Rxc4 26. Rxc4 Qxc4 27. Re1
h6 28. Qf5 Kh7 29. Re4 Qc5 30. Qd5 Rf6 31. Re2 Qxd5 32. Nxd5 Rf5 33. Ne3 Ra5
34. b3 Bxe3 35. fxe3 Kg6 36. Rd2 d5 37. Kf2 Kf6 38. Kf3 Ke5 39. Rc2 b6 40. g4
Rc5 41. Rd2 a5 42. h4 Rc3 43. Rd4 Rc2 0-1

[Event "Open A"]
[Site "?"]
[Date "2007.08.29"]
[Round "6.23"]
[White "Ruzicka, Vaclav"]
[Black "Voracek, Zdenek"]
[Result "1-0"]
[WhiteElo "1953"]
[BlackElo "2061"]
[PlyCount "48"]
[EventDate "2007.08.28"]
[SourceDate "2007.08.29"]

1. c4 Nf6 2. Nc3 c5 3. g3 d5 4. cxd5 Nxd5 5. Bg2 Nc7 6. Nf3 Nc6 7. O-O e5 8. d3
Be7 9. b3 O-O 10. Bb2 f6 11. a3 b6 12. Rc1 Bb7 13. Qc2 Qd7 14. Rfd1 Rad8 15. e3
Qf5 16. Ne2 Ne6 17. Nh4 Qh5 18. Qc4 Qf7 19. b4 Kh8 20. d4 f5 21. d5 Nc7 22. f4
b5 23. Qa2 cxb4 24. fxe5 bxa3 1-0

[Event "Open A"]
[Site "?"]
[Date "2007.08.29"]
[Round "6.18"]
[White "Vanka, Miloslav"]
[Black "Zlamal, Frantisek"]
[Result "1-0"]
[WhiteElo "2194"]
[BlackElo "1868"]
[PlyCount "69"]
[EventDate "2007.08.28"]
[SourceDate "2007.08.29"]

1. d4 e6 2. c4 b6 3. Nc3 Nf6 4. e4 d5 5. e5 Ne4 6. Bd3 Nxc3 7. bxc3 g6 8. Nf3
Be7 9. Bh6 Bf8 10. Bd2 Be7 11. h4 c6 12. h5 dxc4 13. Be4 b5 14. hxg6 fxg6 15.
Bxg6+ Kd7 16. Rxh7 Rxh7 17. Bxh7 Qh8 18. Be4 Na6 19. Ke2 Nc7 20. a4 Bb7 21.
axb5 Nxb5 22. Rb1 a6 23. Qa4 Qc8 24. Rh1 Qg8 25. Qxc4 Qg4 26. Qd3 Rf8 27. Rh7
Qxg2 28. c4 Na7 29. Qa3 Nc8 30. Bg5 Re8 31. Bg6 Kd8 32. Qa5+ Kd7 33. Bxe8+ Kxe8
34. Bxe7 Nxe7 35. Qc7 1-0

[Event "Open A"]
[Site "?"]
[Date "2007.08.29"]
[Round "6.16"]
[White "Fojtu, Jan"]
[Black "Fikr, Lukas"]
[Result "1-0"]
[WhiteElo "2019"]
[BlackElo "2134"]
[PlyCount "127"]
[EventDate "2007.08.28"]
[SourceDate "2007.08.29"]

1. e4 c5 2. Nf3 d6 3. d4 cxd4 4. Nxd4 Nf6 5. Bd3 Nc6 6. Ne2 e5 7. c4 Be7 8.
Nbc3 h6 9. h3 Be6 10. b3 a6 11. Be3 O-O 12. O-O Rb8 13. a4 Nd7 14. f4 exf4 15.
Bxf4 Nde5 16. Be3 Bg5 17. Nf4 Qd7 18. Kh2 Nb4 19. Bb1 Bf6 20. Qd2 Nec6 21. Nd3
Nxd3 22. Bxd3 Be5+ 23. Kg1 Nd4 24. Rab1 Bxh3 25. gxh3 Qxh3 26. Bf4 Nf3+ 27.
Rxf3 Qxf3 28. Bxe5 dxe5 29. Nd5 Rbd8 30. Bc2 Kh8 31. Qg2 Qh5 32. Kf2 f5 33.
exf5 Rxf5+ 34. Ke3 Rg5 35. Qf3 Qh4 36. Rh1 Qd4+ 37. Ke2 e4 38. Qf2 e3 39. Nxe3
Qd2+ 40. Kf1 Qc1+ 41. Qe1 Rf8+ 42. Ke2 Qb2 43. Qd2 Qe5 44. Qd5 Qf4 45. Qe4 Qf2+
46. Kd1 Qf3+ 47. Qxf3 Rxf3 48. Ke2 Rf8 49. Rf1 Re8 50. Kd2 Rge5 51. Nd5 g5 52.
Rf7 Re2+ 53. Kc3 Kg8 54. Rxb7 Rf2 55. Rb6 Kg7 56. Rg6+ Kf7 57. Rxh6 a5 58. Ra6
Rf3+ 59. Kd4 Rf2 60. Bg6+ Kf8 61. Bxe8 Kxe8 62. Rxa5 g4 63. Ne3 Rb2 64. Kc3 1-0

[Event "Open A"]
[Site "?"]
[Date "2007.08.29"]
[Round "6.31"]
[White "Havelka, Petr"]
[Black "Postupa, Pavel"]
[Result "0-1"]
[WhiteElo "1979"]
[BlackElo "2146"]
[PlyCount "136"]
[EventDate "2007.08.28"]
[SourceDate "2007.08.29"]

1. d4 Nf6 2. c4 g6 3. Nc3 d5 4. e3 Bg7 5. Nf3 O-O 6. Be2 dxc4 7. Bxc4 c5 8. O-O
Nc6 9. d5 Na5 10. Be2 e6 11. e4 exd5 12. exd5 b6 13. Ne1 Bb7 14. Bf3 Nc4 15.
Nc2 Ne8 16. Ne3 Ned6 17. Nxc4 Nxc4 18. Qb3 Nd6 19. Be3 Nf5 20. Bxc5 Re8 21.
Rfe1 Qd7 22. Be3 Nh4 23. Be2 Bxc3 24. Qxc3 Qxd5 25. f3 Rac8 26. Qd4 Rc2 27.
Qxd5 Bxd5 28. Bf1 Bc4 29. Bxc4 Rxc4 30. Bh6 Rec8 31. Rac1 Rxc1 32. Rxc1 Rxc1+
33. Bxc1 Nf5 34. Kf2 Kf8 35. Bf4 Ke7 36. Bb8 a6 37. Ba7 b5 38. Bc5+ Ke6 39. Ke2
Kd5 40. Bf2 Nd6 41. b3 h5 42. Kd3 Nf5 43. g3 Ne7 44. Be3 Nc6 45. a3 Ne5+ 46.
Ke2 a5 47. h3 a4 48. bxa4 bxa4 49. Bg5 Kc4 50. Be7 Kb3 51. g4 Nc4 52. gxh5 gxh5
53. Kd3 Nxa3 54. Ke4 Nc2 55. Kf4 Nb4 56. Kg5 a3 57. Kxh5 a2 58. Bf6 Nd3 59. Ba1
Kc2 60. Kg5 Kb1 61. Bd4 Nb2 62. Bxb2 Kxb2 63. h4 a1=Q 64. h5 Qc1+ 65. f4 Qg1+
66. Kf6 Qg8 67. f5 Qh7 68. h6 Kc3 0-1

[Event "Open A"]
[Site "?"]
[Date "2007.08.29"]
[Round "6.10"]
[White "Purnoch, Josef"]
[Black "Framberk, Jan"]
[Result "1-0"]
[WhiteElo "2184"]
[BlackElo "2072"]
[PlyCount "43"]
[EventDate "2007.08.28"]
[SourceDate "2007.08.29"]

1. d4 Nf6 2. Nf3 g6 3. c4 Bg7 4. Nc3 d5 5. Bf4 dxc4 6. e4 Nh5 7. Be3 Bg4 8.
Bxc4 O-O 9. Be2 Nc6 10. O-O Bxf3 11. Bxf3 Nxd4 12. Bxh5 gxh5 13. Qxh5 Qd6 14.
Rad1 e5 15. f4 Qg6 16. Qh4 f5 17. fxe5 Nc6 18. Rd7 Bxe5 19. Bc5 Bxc3 20. bxc3
Rad8 21. exf5 Rxf5 22. Rxd8+ 1-0

[Event "Open A"]
[Site "?"]
[Date "2007.08.29"]
[Round "6.19"]
[White "Lexa, Vaclav"]
[Black "Hrubant, Ivan"]
[Result "0-1"]
[WhiteElo "1937"]
[BlackElo "2119"]
[PlyCount "54"]
[EventDate "2007.08.28"]
[SourceDate "2007.08.29"]

1. d4 d5 2. c4 c6 3. Nc3 Nf6 4. e3 e6 5. Nf3 Nbd7 6. Qc2 Bd6 7. Be2 O-O 8. a3
Qe7 9. O-O dxc4 10. Bxc4 e5 11. dxe5 Nxe5 12. Nxe5 Bxe5 13. f4 Bc7 14. Kh1 Bb6
15. e4 Ng4 16. g3 Qc5 17. Na4 Nf2+ 18. Kg1 Nh3+ 19. Kh1 Qd4 20. Nxb6 axb6 21.
Kg2 Bg4 22. Bd2 Rad8 23. Be1 Rfe8 24. e5 h5 25. Bb3 Qe3 26. Bc3 Rd2+ 27. Bxd2
Qe2+ 0-1

[Event "Open A"]
[Site "?"]
[Date "2007.08.29"]
[Round "6.15"]
[White "Keller, Daniel"]
[Black "Tejkal, Jiri"]
[Result "0-1"]
[WhiteElo "2139"]
[BlackElo "2018"]
[PlyCount "80"]
[EventDate "2007.08.28"]
[SourceDate "2007.08.29"]

1. d4 d5 2. Nf3 c6 3. c3 Nf6 4. Bg5 Nbd7 5. e3 e6 6. Nbd2 Be7 7. Bd3 Nf8 8. O-O
Ng6 9. Re1 c5 10. Rc1 Nd7 11. Bxe7 Qxe7 12. e4 Nf4 13. Bb1 cxd4 14. exd5 Nxd5
15. Nxd4 O-O 16. Bxh7+ Kxh7 17. Qh5+ Kg8 18. Qxd5 Nf6 19. Qg5 Qc7 20. h4 Rd8
21. Ne4 Nxe4 22. Rxe4 Rd5 23. Qe3 e5 24. Nf3 f6 25. Qe2 Be6 26. a3 Rad8 27. Re1
Bf5 28. Re3 Qb6 29. b4 Qc6 30. c4 Rd3 31. c5 Rxe3 32. fxe3 Qd7 33. Kf2 Bg4 34.
Qc4+ Kh8 35. Qe4 Bf5 36. Qc4 Be6 37. Qc2 Bf5 38. Qc3 Be4 39. Kg3 Qf5 40. Nd2
Qg6+ 0-1

[Event "Open A"]
[Site "?"]
[Date "2007.??.??"]
[Round "6.21"]
[White "Svitak, David"]
[Black "Novak, Jindrich"]
[Result "1-0"]
[WhiteElo "1769"]
[BlackElo "2024"]
[PlyCount "27"]
[EventDate "2007.??.??"]

1. e4 Nc6 2. d4 e5 3. Nf3 d6 4. dxe5 Nxe5 5. Nxe5 dxe5 6. Qxd8+ Kxd8 7. Bc4 f6
8. O-O c6 9. Be3 Ne7 10. Nc3 Kc7 11. f4 Ng6 12. f5 Nf4 13. g3 Nh3+ 14. Kg2 {
dale necitelne} 1-0

[Event "Open A"]
[Site "?"]
[Date "2007.??.??"]
[Round "6.22"]
[White "Skacel, Jan"]
[Black "Sirotka, Sergej"]
[Result "1/2-1/2"]
[WhiteElo "2075"]
[BlackElo "1984"]
[PlyCount "36"]
[EventDate "2007.??.??"]

1. d4 d5 2. c4 c6 3. Nf3 Nf6 4. e3 e6 5. Nc3 Nbd7 6. Qc2 Bd6 7. b3 O-O 8. Bb2
Re8 9. Be2 b6 10. O-O Bb7 11. e4 dxe4 12. Nxe4 Nxe4 13. Qxe4 Be7 14. Bd3 Nf8
15. Ne5 Qc7 16. Qg4 Bf6 17. Rfe1 Rad8 18. Rad1 Ng6 1/2-1/2

[Event "Open A"]
[Site "?"]
[Date "2007.??.??"]
[Round "6.24"]
[White "Innemann, Frantisek"]
[Black "Moravec, Vit"]
[Result "1/2-1/2"]
[WhiteElo "1946"]
[BlackElo "2020"]
[PlyCount "151"]
[EventDate "2007.??.??"]

1. d4 f5 2. c4 e6 3. Nc3 Nf6 4. Bg5 Be7 5. e3 O-O 6. Bd3 d6 7. Nge2 Nc6 8. a3
Qe8 9. O-O a6 10. Qc2 Nd8 11. e4 g6 12. Bh6 Rf7 13. h3 Bf8 14. Bxf8 Qxf8 15.
Qd2 Nh5 16. Ng3 Ng7 17. f4 Nc6 18. Bc2 Ne7 19. e5 dxe5 20. dxe5 Nc6 21. Qe3 Rd7
22. Ba4 Rd8 23. Rad1 Rxd1 24. Rxd1 Ne7 25. Qc5 Nc6 26. Qxf8+ Kxf8 27. Bxc6 bxc6
28. Na4 Ke7 29. Nc5 Rb8 30. Rd2 h6 31. h4 Ke8 32. Kf2 Nh5 33. Ne2 Ng7 34. Nd4
Rb6 35. Kf3 a5 36. Na4 Ra6 37. Rd3 Ke7 38. Rb3 Bd7 39. Rb8 Ne8 40. c5 Ra7 41.
Ke3 Ra6 42. Ne2 Ra7 43. Ng3 h5 44. Nf1 Ra6 45. Nd2 Ra7 46. Nf3 Ra6 47. Ng5 Ra7
48. Nc3 Ra6 49. a4 Ra7 50. Ne2 Ra6 51. Kd3 Ra7 52. Nd4 Ra6 53. Kc3 Ra7 54. Kc4
Ra6 55. b4 axb4 56. Kxb4 Ra7 57. a5 Ra6 58. Ka4 Ra7 59. Nc2 Ra6 60. Nb4 Ra7 61.
a6 Kf8 62. Ka5 Ke7 63. Nh7 Kf7 64. Nc2 Ke7 65. Nd4 Kf7 66. Rb7 Ra8 67. Nf6 Bc8
68. Rb2 Rxa6+ 69. Kb4 Nxf6 70. exf6 Kxf6 71. Re2 Bd7 72. Nf3 Ra8 73. Ne5 Be8
74. Rd2 Ke7 75. g3 Ra1 76. Rd3 1/2-1/2

[Event "Open A"]
[Site "?"]
[Date "2007.??.??"]
[Round "6.26"]
[White "Sochorova, Jana"]
[Black "Hlavnicka, Jan"]
[Result "1-0"]
[WhiteElo "1882"]
[BlackElo "1996"]
[PlyCount "127"]
[EventDate "2007.??.??"]

1. Nf3 Nf6 2. d4 d5 3. c4 c6 4. e3 Bg4 5. Nc3 Nbd7 6. Be2 dxc4 7. Bxc4 e5 8.
dxe5 Bxf3 9. Qxf3 Nxe5 10. Qe2 Qc7 11. O-O Nfg4 12. g3 h5 13. Bb3 O-O-O 14. Rd1
Rxd1+ 15. Qxd1 Bc5 16. Ne4 Rd8 17. Qe2 Bb6 18. Bd2 Qe7 19. h3 f5 20. hxg4 fxe4
21. Bc3 Nf3+ 22. Kg2 h4 23. Qc4 Rd5 24. Rd1 Rxd1 25. Bxd1 hxg3 26. Qg8+ Bd8 27.
Qxg7 Qh4 28. Qh8 Qxg4 29. fxg3 Nh4+ 30. Qxh4 Qxd1 31. Qxe4 Qe2+ 32. Kg1 Qd1+
33. Kf2 Qd7 34. g4 Bh4+ 35. Kg2 Qd1 36. Qf5+ Kc7 37. Qh7+ Kc8 38. Qxh4 Qe2+ 39.
Qf2 Qxg4+ 40. Kf1 Qc4+ 41. Ke1 Qxa2 42. Qf8+ Kc7 43. Be5+ Kb6 44. Qb4+ Ka6 45.
Qa3+ Qxa3 46. bxa3 Kb5 47. Kd2 Kc4 48. Bf6 b5 49. e4 a5 50. Ke3 c5 51. Kf4 a4
52. Kf5 b4 53. Ba1 Kb3 54. axb4 Kxb4 55. e5 c4 56. e6 c3 57. Bxc3+ Kxc3 58. e7
a3 59. e8=Q a2 60. Qe5+ Kc2 61. Qa1 Kb3 62. Ke4 Ka3 63. Kd3 Kb3 64. Kd2 1-0

[Event "Open A"]
[Site "?"]
[Date "2007.08.30"]
[Round "7.36"]
[White "Rerabkova, Lucie"]
[Black "Horyna, Josef"]
[Result "1/2-1/2"]
[WhiteElo "1946"]
[BlackElo "1893"]
[PlyCount "77"]
[EventDate "2007.08.30"]
[SourceDate "2007.08.30"]

1. e4 d6 2. d4 e5 3. dxe5 dxe5 4. Qxd8+ Kxd8 5. Bc4 f6 6. Be3 c6 7. a3 Nd7 8.
b4 b5 9. Be6 Nb6 10. Ba2 Bd6 11. Nd2 Ne7 12. Ne2 Kc7 13. c4 bxc4 14. Nxc4 Nxc4
15. Bxc4 Bb7 16. f3 a6 17. O-O g5 18. Bc5 Rad8 19. Rad1 Bxc5+ 20. bxc5 Rxd1 21.
Rxd1 Rd8 22. Rxd8 Kxd8 23. Nc1 Ng6 24. Na2 Kc7 25. Nb4 a5 26. Nd3 Bc8 27. Nc1
Nf8 28. a4 Be6 29. Bxe6 Nxe6 30. Nb3 h5 31. g3 Kd7 32. Kf2 Kc7 33. Ke3 Kd7 34.
Kd3 Kc7 35. Kc4 g4 36. fxg4 hxg4 37. Nd2 Nd4 38. Kd3 Kd7 39. Ke3 1/2-1/2

[Event "Open A"]
[Site "?"]
[Date "2007.08.30"]
[Round "7.22"]
[White "Postupa, Pavel"]
[Black "Sochorova, Jana"]
[Result "1-0"]
[WhiteElo "2146"]
[BlackElo "1882"]
[PlyCount "69"]
[EventDate "2007.08.30"]
[SourceDate "2007.08.30"]

1. e4 d5 2. exd5 Qxd5 3. Nc3 Qa5 4. d4 Nf6 5. Nf3 Bg4 6. Bc4 e6 7. Bd2 c6 8.
Qe2 Nbd7 9. O-O-O Qc7 10. h3 Bh5 11. g4 Bg6 12. Ne5 O-O-O 13. f4 Nd5 14. Rhf1
N7f6 15. Bb3 Bb4 16. Nxd5 Bxd2+ 17. Rxd2 cxd5 18. f5 exf5 19. gxf5 Bh5 20. Qg2
Ne4 21. Rd3 f6 22. Bxd5 fxe5 23. Qxe4 exd4 24. Rxd4 Kb8 25. c4 Rhe8 26. Qf4 Re2
27. Qxc7+ Kxc7 28. Rh4 g6 29. f6 Re5 30. f7 Rf8 31. Kd2 Kd6 32. Bxb7 Be2 33.
Rf2 g5 34. Rh6+ Ke7 35. Bd5 1-0

[Event "Open A"]
[Site "?"]
[Date "2007.08.30"]
[Round "7.1"]
[White "Sodoma, Jan"]
[Black "Hausner, Ivan"]
[Result "0-1"]
[WhiteElo "2334"]
[BlackElo "2393"]
[PlyCount "58"]
[EventDate "2007.08.30"]
[SourceDate "2007.08.30"]

1. e4 g6 2. d4 Bg7 3. c4 d6 4. Nc3 Nc6 5. Nge2 Nf6 6. f3 a6 7. Be3 Rb8 8. d5
Ne5 9. Nc1 c5 10. Qd2 e6 11. dxe6 Bxe6 12. b3 O-O 13. Be2 b5 14. cxb5 axb5 15.
Nxb5 Nxe4 16. fxe4 Qh4+ 17. Kf1 f5 18. Rb1 fxe4+ 19. Kg1 d5 20. Nc7 d4 21. g3
Qf6 22. Nxe6 dxe3 23. Qxe3 Qxe6 24. Kg2 Ng4 25. Qxc5 Kh8 26. Bc4 Qd7 27. Ne2
Rf5 28. Rhd1 Qxd1 29. Qxf5 gxf5 0-1

[Event "Open A"]
[Site "?"]
[Date "2007.08.30"]
[Round "7.17"]
[White "Sirota, Sergej"]
[Black "Krasnay, Peter"]
[Result "1-0"]
[WhiteElo "2009"]
[BlackElo "2123"]
[PlyCount "57"]
[EventDate "2007.08.30"]
[SourceDate "2007.08.30"]

1. d4 Nf6 2. c4 g6 3. Nc3 Bg7 4. e4 d6 5. f3 O-O 6. Be3 e5 7. Nge2 c6 8. Qd2
Nbd7 9. d5 cxd5 10. cxd5 a6 11. g4 b5 12. Ng3 Nc5 13. h4 b4 14. Nd1 Qa5 15. Bc4
Bd7 16. b3 Rac8 17. h5 Bxg4 18. fxg4 Ncxe4 19. Nxe4 Nxe4 20. Qg2 Nc3 21. Nxc3
e4 22. Na4 Rxc4 23. Bb6 Qxd5 24. bxc4 Qc6 25. Rd1 Qxa4 26. O-O Qc6 27. Bd4
Bxd4+ 28. Rxd4 Qc5 29. Qxe4 1-0

[Event "Open A"]
[Site "?"]
[Date "2007.08.30"]
[Round "7.11"]
[White "Blumel, Otto"]
[Black "Rmoutil, Martin"]
[Result "0-1"]
[WhiteElo "2234"]
[BlackElo "2002"]
[PlyCount "62"]
[EventDate "2007.08.30"]
[SourceDate "2007.08.30"]

1. e4 c5 2. Nf3 d6 3. g3 Nf6 4. Nc3 Nc6 5. h3 e6 6. Bg2 Be7 7. O-O O-O 8. Re1
a6 9. d4 cxd4 10. Nxd4 Bd7 11. Nce2 Qc7 12. a4 Rac8 13. c3 Rfd8 14. f4 Be8 15.
Nxc6 bxc6 16. Qd3 a5 17. b4 axb4 18. cxb4 Qb6+ 19. Be3 c5 20. Reb1 d5 21. exd5
Nxd5 22. Bxd5 Rxd5 23. Qe4 Bc6 24. bxc5 Qa7 25. Qb4 Bxc5 26. Bxc5 Rxc5 27. Qd4
Ba8 28. Rd1 h6 29. Rab1 Qa6 30. Rb2 Qc6 31. Kf1 Rd5 0-1

[Event "Open A"]
[Site "?"]
[Date "2007.08.30"]
[Round "7.30"]
[White "Hoskovec, Josef"]
[Black "Voracek, Zdenek"]
[Result "0-1"]
[WhiteElo "1988"]
[BlackElo "2061"]
[PlyCount "70"]
[EventDate "2007.08.30"]
[SourceDate "2007.08.30"]

1. d4 Nf6 2. c4 c5 3. d5 e6 4. Nc3 exd5 5. cxd5 d6 6. e4 g6 7. f4 Bg7 8. Bb5+
Nfd7 9. a4 O-O 10. Nf3 b6 11. Qd3 Bb7 12. O-O a6 13. Bc4 b5 14. axb5 axb5 15.
Rxa8 bxc4 16. Rxb8 cxd3 17. Rxd8 Rxd8 18. Bd2 Nb6 19. Ra1 f5 20. Ra7 Ba8 21.
Ng5 Bd4+ 22. Kf1 Nc4 23. Ke1 fxe4 24. Ncxe4 Re8 25. b3 Bxd5 26. bxc4 Bxe4 27.
Nxe4 Rxe4+ 28. Kd1 Re2 29. Ra8+ Kf7 30. Ra7+ Ke6 31. Rxh7 Rxg2 32. f5+ Kxf5 33.
h3 Rg1+ 34. Be1 Bc3 35. Re7 d2 0-1

[Event "Open A"]
[Site "?"]
[Date "2007.08.30"]
[Round "7.9"]
[White "Voracek, Miroslav"]
[Black "Fojtu, Jan"]
[Result "1-0"]
[WhiteElo "2153"]
[BlackElo "2019"]
[PlyCount "72"]
[EventDate "2007.08.30"]
[SourceDate "2007.08.30"]

1. e4 c5 2. Nf3 Nc6 3. d4 cxd4 4. Nxd4 Nf6 5. Nc3 e5 6. Ndb5 d6 7. Bg5 a6 8.
Na3 b5 9. Bxf6 gxf6 10. Nd5 Bg7 11. c3 f5 12. exf5 Bxf5 13. Nc2 O-O 14. Nce3
Be6 15. Bd3 f5 16. O-O Rc8 17. a4 e4 18. Nf4 Bf7 19. axb5 Ne5 20. Bc2 Qh4 21.
g3 Qg5 22. h4 Qf6 23. Nfd5 Qe6 24. Nxf5 Nf3+ 25. Kg2 Bh5 26. Nde7+ Kh8 27. Qxd6
Qf7 28. Bxe4 Rcd8 29. Qc5 Bf6 30. Rxa6 Nd2 31. Rxf6 Qxf6 32. Re1 Nxe4 33. Rxe4
Rd2 34. Rf4 Be8 35. Nh6 Qg7 36. Rxf8+ Qxf8 1-0

[Event "Open A"]
[Site "?"]
[Date "2007.08.30"]
[Round "7.18"]
[White "Prochazka, Petr"]
[Black "Misicko, Jan"]
[Result "1/2-1/2"]
[WhiteElo "1985"]
[BlackElo "2113"]
[PlyCount "43"]
[EventDate "2007.08.30"]
[SourceDate "2007.08.30"]

1. e4 c5 2. Nf3 e6 3. d4 cxd4 4. Nxd4 Nf6 5. Nc3 d6 6. Be2 Nc6 7. Be3 Qc7 8.
O-O Be7 9. Kh1 a6 10. f4 Nxd4 11. Bxd4 e5 12. Be3 Be6 13. f5 Bc4 14. Bg5 Rc8
15. Bxf6 Bxf6 16. Bxc4 Qxc4 17. Qxd6 Rd8 18. Qa3 Be7 19. Qa5 f6 20. Rfd1 O-O
21. Qa4 Qxa4 22. Nxa4 1/2-1/2

[Event "Open A"]
[Site "?"]
[Date "2007.??.??"]
[Round "7.5"]
[White "Koys, Milan"]
[Black "Kubikova, Hana"]
[Result "1/2-1/2"]
[WhiteElo "2101"]
[BlackElo "2202"]
[PlyCount "24"]
[EventDate "2007.??.??"]

1. e4 c5 2. Ne2 Nc6 3. d4 cxd4 4. Nxd4 Nf6 5. Nc3 d6 6. Be2 e5 7. Nb3 Be6 8.
O-O h6 9. Be3 Be7 10. Bf3 O-O 11. Nd5 Bxd5 12. exd5 Nb8 1/2-1/2

[Event "Open A"]
[Site "?"]
[Date "2007.??.??"]
[Round "7.15"]
[White "Keller, Daniel"]
[Black "Postupa, Martin"]
[Result "1-0"]
[WhiteElo "2139"]
[BlackElo "1985"]
[PlyCount "67"]
[EventDate "2007.??.??"]

1. d4 d5 2. Nf3 e6 3. c3 Nf6 4. Bg5 Be7 5. e3 Ne4 6. Bxe7 Qxe7 7. Bd3 Nd7 8.
Nbd2 Nxd2 9. Qxd2 e5 10. dxe5 Nxe5 11. Nxe5 Qxe5 12. O-O-O O-O 13. Qc2 f5 14.
g3 c6 15. Qa4 a5 16. Rd2 b5 17. Qd4 Qe7 18. Re1 Bb7 19. h4 c5 20. Qf4 c4 21.
Be2 b4 22. Qd4 bxc3 23. Qxc3 Qe4 24. Rd4 Qe6 25. Bf3 Rfd8 26. Kb1 a4 27. a3 Rd7
28. g4 Rad8 29. Ka1 g6 30. Rg1 Rd6 31. h5 Bc8 32. gxf5 Qxf5 33. Rf4 Qd7 34.
hxg6 1-0

[Event "Open A"]
[Site "?"]
[Date "2007.??.??"]
[Round "7.21"]
[White "Schwalz, Michal"]
[Black "Vevera, Radek"]
[Result "1/2-1/2"]
[WhiteElo "1932"]
[BlackElo "2079"]
[PlyCount "38"]
[EventDate "2007.??.??"]

1. e4 c5 2. Nf3 d6 3. d4 cxd4 4. Nxd4 Nf6 5. Nc3 a6 6. Be2 e6 7. O-O Be7 8. a4
Nc6 9. Be3 Qc7 10. f4 O-O 11. Kh1 Bd7 12. Nxc6 Bxc6 13. Bf3 b5 14. e5 dxe5 15.
fxe5 Rfd8 16. Qe2 Nd5 17. Bxd5 exd5 18. Qf3 Qxe5 19. axb5 axb5 {dale necitelne}
1/2-1/2

[Event "Open A"]
[Site "?"]
[Date "2007.??.??"]
[Round "7.26"]
[White "Novak, Jindrich"]
[Black "Innemann, Frantisek"]
[Result "1-0"]
[WhiteElo "2051"]
[BlackElo "1949"]
[PlyCount "72"]
[EventDate "2007.??.??"]

1. c4 Nf6 2. f4 d5 3. cxd5 Nxd5 4. e4 Nb6 5. d4 e6 6. Nf3 c5 7. Nc3 cxd4 8.
Qxd4 Qxd4 9. Nxd4 a6 10. Be3 N8d7 11. f5 e5 12. Nf3 f6 13. O-O-O Bc5 14. Bxc5
Nxc5 15. Rd6 Ncd7 16. a4 Rb8 17. a5 Na8 18. Bc4 Nc7 19. Rhd1 b5 20. Be6 Nxe6
21. fxe6 Nf8 22. Rd8+ Ke7 23. b4 Ng6 24. Rxh8 Nxh8 25. Nd5+ Kxe6 26. Nd2 Bb7
27. Nb3 Kf7 28. Nc5 Ng6 29. Nc7 Nf8 30. Rd6 Rc8 31. Nd5 Bxd5 32. exd5 Ke7 33.
Rxa6 Nd7 34. Ra7 Ke8 35. Rxd7 Rxc5+ 36. bxc5 Kxd7 1-0

[Event "Open A"]
[Site "?"]
[Date "2007.??.??"]
[Round "7.27"]
[White "Moravec, Vit"]
[Black "Vorackova, Jarmila"]
[Result "1/2-1/2"]
[WhiteElo "2020"]
[BlackElo "1886"]
[PlyCount "57"]
[EventDate "2007.??.??"]

1. d4 d5 2. c4 c6 3. Nf3 Nf6 4. Nc3 e6 5. e3 Nbd7 6. Qc2 Bb4 7. a3 Bxc3+ 8.
bxc3 O-O 9. Bd3 Qc7 10. O-O h6 11. Bb2 Re8 12. h3 b6 13. cxd5 exd5 14. c4 Ba6
15. Nd2 Rac8 16. Rfc1 Qb7 17. Qb3 c5 18. cxd5 Bxd3 19. Qxd3 cxd4 20. e4 Rxc1+
21. Rxc1 Nc5 22. Qxd4 Ncxe4 23. Re1 Nd6 24. Rxe8+ Ndxe8 25. d6 Qd7 26. Ne4 Nxe4
27. Qxe4 Nxd6 28. Qd4 f6 29. Qd5+ 1/2-1/2

[Event "Open A"]
[Site "?"]
[Date "2007.??.??"]
[Round "?"]
[White "Ptak, Pavel"]
[Black "Straka, Ondrej"]
[Result "1-0"]
[WhiteElo "2162"]
[BlackElo "2500"]
[PlyCount "57"]
[EventDate "2007.??.??"]

1. d4 Nf6 2. Bg5 Ne4 3. Bh4 d5 4. Nd2 Nd6 5. e3 Nf5 6. Bg5 f6 7. Bf4 e6 8. Bd3
Bd6 9. g4 Bxf4 10. gxf5 Bd6 11. Qh5+ Ke7 12. fxe6 Bxe6 13. Ne2 Qe8 14. Qf3 Nd7
15. Nf4 Qf7 16. O-O g6 17. Nxe6 Qxe6 18. a4 c6 19. e4 Rae8 20. Kh1 a5 21. exd5
Qf7 22. Rfe1+ Kd8 23. Re6 Kc7 24. Ne4 Bf8 25. Ng5 Qg8 26. Qg3+ Kc8 27. Rae1 Bh6
28. Ne4 Bf8 29. Rxe8# 1-0

[Event "Open A"]
[Site "?"]
[Date "2007.??.??"]
[Round "7.6"]
[White "Kojetecky, Pavel"]
[Black "Purnoch, Josef"]
[Result "1/2-1/2"]
[WhiteElo "2147"]
[BlackElo "2184"]
[PlyCount "115"]
[EventDate "2007.??.??"]

1. e4 c5 2. Nf3 d6 3. d4 cxd4 4. Nxd4 Nf6 5. Nc3 a6 6. g3 e6 7. Bg2 Be7 8. O-O
Qc7 9. h3 Nc6 10. Kh2 Bd7 11. f4 h6 12. Nf3 Rd8 13. Qe2 b5 14. e5 Nh7 15. exd6
Bxd6 16. a4 b4 17. Ne4 a5 18. Nxd6+ Qxd6 19. Rd1 Qc7 20. Ne5 Nxe5 21. fxe5 O-O
22. Rd6 f5 23. Be3 Rb8 24. b3 Rfc8 25. Rad1 Nf8 26. R1d2 Be8 27. Qa6 Qc3 28.
Ba7 Qxe5 29. Bxb8 Rxb8 30. Qe2 Qf6 31. Ra6 f4 32. g4 h5 33. Rxa5 hxg4 34. Qxg4
Ng6 35. Rg5 Ne5 36. Rxe5 Qxe5 37. Re2 Qf5 38. Rxe6 Qxg4 39. hxg4 Bd7 40. Re4
Bxg4 41. Rxf4 Bd1 42. Bd5+ Kh7 43. Be4+ g6 44. Rf6 Re8 45. Bxg6+ Kg7 46. Rb6
Rh8+ 47. Kg2 Rh6 48. Rxb4 Rxg6+ 49. Kf2 Bxc2 50. Rb7+ Kf8 51. a5 Bxb3 52. Rxb3
Ra6 53. Ra3 Ke7 54. Ke3 Kd6 55. Kd4 Kc6 56. Kc4 Kb7 57. Kb4 Ka7 58. Kb5 1/2-1/2

[Event "Open A"]
[Site "?"]
[Date "2007.??.??"]
[Round "7.13"]
[White "Koper, Stefan"]
[Black "Drabek, Vojtech"]
[Result "1/2-1/2"]
[WhiteElo "2001"]
[BlackElo "2115"]
[PlyCount "95"]
[EventDate "2007.??.??"]

1. d4 d5 2. c4 c6 3. cxd5 cxd5 4. Nc3 Nf6 5. Nf3 Nc6 6. Bf4 Bf5 7. e3 e6 8. Bb5
Be7 9. Ne5 Qb6 10. O-O O-O 11. Bxc6 bxc6 12. Na4 Qb5 13. Rc1 Rac8 14. g4 Bg6
15. h4 h6 16. Nxg6 fxg6 17. g5 Nh5 18. Be5 hxg5 19. hxg5 Kh7 20. f4 c5 21. dxc5
Bxc5 22. Nxc5 Rxc5 23. Rxc5 Qxc5 24. Bd4 Qc4 25. Qb3 Qe2 26. Qd1 Qc4 27. Kg2
Rc8 28. a3 a6 29. Kf3 Kg8 30. Rf2 Kf7 31. Rd2 Rc7 32. Rd3 Qb5 33. Rc3 Rxc3 34.
Bxc3 Qc4 35. Kf2 Qe4 36. Be5 Qf5 37. Qa4 Qg4 38. Qxa6 Ng3 39. Qb7+ Ke8 40. Qc8+
Ke7 41. Qc5+ Kf7 42. Qc7+ Ke8 43. Qc6+ Ke7 44. Qb7+ Kf8 45. Qb8+ Ke7 46. Qd6+
Ke8 47. Qc6+ Ke7 48. Qc7+ 1/2-1/2